ბათუმის შოთა რუსთაველის სახელმწიფო უნივერსიტეტის ბიბლიოთეკა

ნეტამც მოგეკალ (ბიბ.ჩანაწერი № 49072)

000 -LEADER
fixed length control field 00908nam a2200265Ia 4500
001 - CONTROL NUMBER
control field 15978
003 - CONTROL NUMBER IDENTIFIER
control field GE_BSU
008 - FIXED-LENGTH DATA ELEMENTS--GENERAL INFORMATION
fixed length control field 181216s||||||||xx |||||||||||||| ||und||
040 ## - CATALOGING SOURCE
Transcribing agency GE_BSU
080 ## - UNIVERSAL DECIMAL CLASSIFICATION NUMBER
Universal Decimal Classification number 821.353.1-32
100 ## - MAIN ENTRY--PERSONAL NAME
Personal name ხორნაული, გიგი
245 ## - TITLE STATEMENT
Title ნეტამც მოგეკალ
245 ## - TITLE STATEMENT
Remainder of title მოთხრობები
245 ## - TITLE STATEMENT
Statement of responsibility, etc. რედ.მ.სოხაძე. მხ.ი.ქლიბაძე
250 ## - EDITION STATEMENT
Edition statement I-ლი გამოც.
260 ## - PUBLICATION, DISTRIBUTION, ETC.
Place of publication, distribution, etc. თბილისი
260 ## - PUBLICATION, DISTRIBUTION, ETC.
Name of publisher, distributor, etc. ნაკადული
260 ## - PUBLICATION, DISTRIBUTION, ETC.
Date of publication, distribution, etc. 1996
300 ## - PHYSICAL DESCRIPTION
Extent 320გვ. ; 20სმ.
653 ## - INDEX TERM--UNCONTROLLED
Uncontrolled term მოთხრობები
653 ## - INDEX TERM--UNCONTROLLED
Uncontrolled term ნეტამც მოგეკალ
653 ## - INDEX TERM--UNCONTROLLED
Uncontrolled term წიგნში მოთხრობილია მონადირული თავგადასავლები
942 ## - ADDED ENTRY ELEMENTS (KOHA)
Koha item type წიგნი
ეგზემპლარები
Withdrawn status Lost status Damaged status Not for loan Date acquired Barcode Date last seen Price effective from Koha item type
        2018-12-17 39391 2018-12-17 2018-12-17 წიგნი
        2018-12-17 39392 2018-12-17 2018-12-17 წიგნი
        2018-12-17 39393 2018-12-17 2018-12-17 წიგნი
        2018-12-17 39394 2018-12-17 2018-12-17 წიგნი
        2018-12-17 39395 2018-12-17 2018-12-17 წიგნი